Ulice w Buku - Statystyki

Ogólne statystyki
  • Ten quiz został rozwiązany 7 razy
    5 od ostatniego zresetowania
  • Średni wynik to 11 z 66
Statystyki odpowiedzi
Odpowiedź % Poprawnych
Poznańska
80%
Bukowa
60%
Polna
60%
Słoneczna
60%
Szkolna
60%
Akacjowa
40%
Kolejowa
40%
Niepodległości
40%
Browarna
20%
Brzozowa
20%
Dobieżyńska
20%
Dworcowa
20%
Garncarska
20%
Górczaka
20%
Grobelnego
20%
Grodziska
20%
Jana Pawła II
20%
Jarzębinowa
20%
Jesionowa
20%
Klonowa
20%
Kościuszki
20%
Łąkowa
20%
Lipowa
20%
Mickiewicza
20%
Mury
20%
Na murawie
20%
Niegolewskich
20%
Otuska
20%
Plac Przemysława
20%
Plac Reszki
20%
Powstańców wielkopolskich
20%
Przemysłowa
20%
Ratuszowa
20%
Rzemieślnicza
20%
Smugi
20%
Sokoła
20%
Strzelecka
20%
Świętego Rocha
20%
Wąska
20%
Wielkowiejska
20%
Wróblewskiego
20%
Basztowa
0%
Bohaterów bukowskich
0%
Chylińskiego
0%
Czarnieckiego
0%
Kościelna
0%
Kosynierów bukowskich
0%
Lubrańskiego
0%
Orzechowa
0%
Osiedle 700-lecia miasta
0%
Osiedle Przyjaźni
0%
Poprzeczna
0%
Przykop
0%
Rzeźnicka
0%
Sportowa
0%
Strumykowa
0%
Szarych Szeregów
0%
Szewska
0%
Topolowa
0%
Tylna
0%
Wegnera
0%
Wojtczaka
0%
Zacisze
0%
Zakładowa
0%
Zdrojowa
0%
Zenktelera
0%
Nie znaleziono quizów pasujących do podanych kryteriów
Rozkład punktacji
Procent ludzi z każdym wynikiem
Percentyl według liczby udzielonych odpowiedzi
Twoja historia wyników
Nie rozwiązałeś tego quizu od ostatniego zresetowania